000
00341nam a22001457a 4500
008
221020b ||||| |||| 00| 0 eng d
020
_a
9780781722186
041
_a
eng
080
_2
SECOND EDITION
_a
610.73
082
_a
610.73 HUL
100
_a
9
101
_a
INF
245
_a
DESIGNING CLIMICAL RESEARCH
_c
HULLEY S
942
_2
udc
_c
BK
999
_c
58621
_d
58621